000 01091nam a2200253 a 4500
001 000016167
005 20200929164313.0
008 100226s1989 dr r 000 0 spa d
040 _aDO-SdBNP
_bspa
_cBNPHU
082 _a347.729305
_bT231e, 1989
100 1 _aTavares, F.
_q(Froilán)
_d1892-1955
_936185
245 1 0 _aElementos de derecho procesal civil dominicano /
_cF. Tavares.
250 _a6a ed.
260 _aSanto Domingo :
_bTiempo,
_c1989.
300 _av. ;
_c22 cm.
500 _aLa biblioteca posee v.1 y v.2
500 _aIncluye índice alfabético
504 _aIncluye referencias bibliográficas y notas al pie de páginas
505 0 _gv.1 .
_tLa norma juridica procesal --
_tLa organización judicial --
_tActos y plazos procesales --
_tLa acción en justicia
_tLa competencia
_gv.2.
_tLa setencia --
_tEl proceso.
650 4 _aDerecho penal
_xLegislación
_zRepública Dominicana
_916570
650 4 _aProcedimiento penal
_xLegislación
_zRepública Dominicana
_916571
650 4 _aDerecho civil
_zRepública Dominicana
_91058
910 _aValidado. Control de calidad MFF
999 _c15707
_d15707